KOHA-Header-6

Seerat Ahmed-e-Mujtaba (S.A.W.W) (Record no. 8760)

000 -LEADER
fixed length control field 00269nam a2200109Ia 4500
100 ## - MAIN ENTRY--AUTHOR NAME
Personal name Shah Misbahuddin
245 #0 - TITLE STATEMENT
Title Seerat Ahmed-e-Mujtaba (S.A.W.W)
260 ## - PUBLICATION, DISTRIBUTION, ETC. (IMPRINT)
Place of publication London
Name of publisher Darussalam
Year of publication 2001
300 ## - PHYSICAL DESCRIPTION
Number of Pages 246
942 ## - ADDED ENTRY ELEMENTS (KOHA)
Koha item type Books
Holdings
Withdrawn status Lost status Collection code Permanent Location Current Location Shelving location Date acquired Full call number Accession Number Koha item type
    Islamic Studies MAJU MAJU   2019-09-14 658.403 3721 Books

Powered by Koha